000
00204nam a2200097Ia 4500
008
240331s9999 xx 000 0 und d
082
_b
WOM
100
_a
Lydia . ed
245
0
_a
Women of courage
942
_c
L
999
_c
1867
_d
1867